| 000 | 00966nam0a22002771 4500 | ||
|---|---|---|---|
| 001 | rc\3574734 | ||
| 005 | 20250610073956.0 | ||
| 021 |
_aRU _b[69-42802] |
||
| 035 | _a(NLR Aleph) 007801948 | ||
| 090 |
_a7685663 _c7685663 |
||
| 100 | _a20130115d1969 |||y0rusy50 ca | ||
| 101 | 0 | _arus | |
| 102 | _aRU | ||
| 105 | _aa z ||||| | ||
| 200 | 1 | _aПоведение эмульсии во внешнем электрическом поле | |
| 210 |
_aМосква _cХимия _d1969 |
||
| 215 |
_a190 с. _cчерт. _d20 |
||
| 320 | _aБиблиогр.: с. 182-190 (152 назв.) | ||
| 606 |
_aЭмульсии _xКоагуляция _xВлияние электрического поля _2psbo |
||
| 700 | 1 |
_aПанченков _bГ.М. _gГеоргий Митрофанович |
|
| 701 | 1 |
_aЦабек _bЛ.К. _gЛеонид Кириллович |
|
| 801 | 0 |
_aRU _bNLR _gpsbo |
|
| 801 | 1 |
_aRU _bELAR _2rusmarc |
|
| 852 |
_aNLR _j69-3/4324 |
||
| 942 | _cBOOK | ||
| 980 | _aNB | ||